All Ive Songs (until XOXZ) - Statistics

General Stats
  • This quiz has been taken 37 times
    7 since last reset
  • The average score is 24 of 52
Answer Stats
Answer % Correct
Accendio
100%
After LIKE
100%
ATTITUDE
100%
ELEVEN
100%
I AM
100%
LOVE DIVE
100%
XOXZ
100%
Baddie
83%
Off the Record
83%
ROYAL
83%
Either Way
67%
I WANT
67%
Kitsch
67%
WAVE
67%
All Night (feat. Saweetie)
50%
Blue Blood
50%
Blue Heart
50%
Heroine
50%
HEYA
50%
Hypnosis
50%
Ice Queen
50%
Lips
50%
REBEL HEART
50%
Supernova Love (with David Guetta)
50%
Take It
50%
Be Alright
33%
CRUSH
33%
Holy Moly
33%
Mine
33%
My Satisfaction
33%
NOT YOUR GIRL
33%
OTT
33%
Queen of Hearts
33%
RESET
33%
TKO
33%
Wild Bird
33%
Will
33%
WOW
33%
Cherish
17%
Classic
17%
DARE ME
17%
Dear, My Feelings
17%
FLU
17%
GOTCHA (Baddest Eros)
17%
Midnight Kiss
17%
Next Page
17%
Payback
17%
Shine With Me
17%
SUMMER FESTA
17%
Thank u
17%
You Wanna Cry
17%
♡Beats
0%
No matching quizzes found
Score Distribution
Percent of People with Each Score
Percentile by Number Answered
Your Score History
You have not taken this quiz since the last reset